| 000 | 00797nam a2200229 i 4500 | ||
|---|---|---|---|
| 001 | 22038 | ||
| 003 | ES-MaACL | ||
| 005 | 20250702063036.0 | ||
| 007 | t| | ||
| 008 | 021129s1970 sp ||||1| spa d | ||
| 100 | 1 |
_aAlfaya, Javier, _d1939-2018 _919827 |
|
| 245 | 1 | 4 |
_aLos españoles y el III Reich _b: recuerdos de un triángulo azul / _cJavier Alfaya. |
| 260 |
_aMadrid : _bCuadernos para el Diálogo, _c1970. |
||
| 300 |
_a39 p. ; _c27 cm. |
||
| 490 | 1 |
_aLos suplementos ; _v11 |
|
| 650 | 0 | 4 |
_aGuerra mundial, 1939-1945- _xCampos de concentración. _913235 |
| 650 | 4 |
_aPrisioneros de guerra españoles- _zAustria. _9141276 |
|
| 710 | 2 |
_aCuadernos para el Diálogo. _93333 |
|
| 830 | 1 |
_aLos suplementos ; _v11 _9181306 |
|
| 852 |
_aES-MaACL _j2098-F-10 |
||
| 999 |
_c22038 _d22038 |
||